01101nab a2200289 uc450000100070000000500170000700800410002403500110006503500210007604000130009704100080011010000460011824500820016465000380024665000410028465000560032565000320038165000470041365000520046065000270051270000460053970000480058570000400063377301090067394200100078299900190079287282120241024090732.0040504e20020401 spa  a872821 a(OCoLC)820105451 ccomduadb aspa10aPenha Padovan, Maria de4auteaut939242210aEstandar y procedimiento para la certificacion del manejo de areas protegidas 7aReservas naturales2armarc929991 aManejo de áreas protegidas9134830 7aPolítica ambientalzAmérica Latina2lemb941974 7aBiodiversidad2embne958506 aConservación de áreas naturales938312 7aDesarrollo socialzAmérica Latina2lemb96530 aCertificación92034610aCifuentes Arias, Miguel4auteaut953858810aCampos Arce, Jose Joaquin4auteaut951990910aCamino, Ronnie de4auteaut95214760 tRevista Forestal Centroamericana (Turrialba)gNo. 38, Abr.-Jun. 2002, p. 14-20w142459x1021-0164073681 cARIMP c316796d316796